Dynamics of Structures: (Record no. 175620)

MARC details
000 -LEADER
fixed length control field 00745nam a22002057a 4500
005 - DATE AND TIME OF LATEST TRANSACTION
control field 20200910165936.0
010 ## - LCCN (DPL NO)
LC control number ENG-128411
020 ## - INTERNATIONAL STANDARD BOOK NUMBER
Terms of availability 879.00
International Standard Book Number 9789353945251
035 ## - SYSTEM CONTROL NUMBER
System control number EN-111943
037 ## - SOURCE OF ACQUISITION
Source of stock number/acquisition DBAD/PUB
082 ## - DEWEY DECIMAL CLASSIFICATION NUMBER
Classification number 624.1762
100 ## - MAIN ENTRY--PERSONAL NAME
Personal name Chopra, Anil K.
245 ## - TITLE STATEMENT
Title Dynamics of Structures:
Remainder of title Theory and Applications to Earthquake Engineering
Statement of responsibility, etc by Anil K. Chopra
250 ## - EDITION STATEMENT
Edition statement 5th edition
260 ## - PUBLICATION, DISTRIBUTION, ETC. (IMPRINT)
Place of publication, distribution, etc Noida
Name of publisher, distributor, etc Pearson
Date of publication, distribution, etc 2020
270 ## - ADDRESS
Address 15th floor,Tower-B,Word Trade Tower,Plot no.1,Block-C sec 16,
City Noida
Postal code 201301
Telephone number 04466540100
Electronic mail address companysecretary.india@pearson.com
300 ## - PHYSICAL DESCRIPTION
Extent xxxi;960p.
Dimensions 23cm(pbk)
Other physical details Illustrations and Graphs
500 ## - GENERAL NOTE
General note Includes Notation and Index
942 ## - ADDED ENTRY ELEMENTS (KOHA)
Source of classification or shelving scheme Dewey Decimal Classification
Item type English Books
Classification part 624.1762
Call number suffix CHO

No items available.


© Delhi Public Library
Hit Counter
free hit counter